Các văn bản về tổ chức và hoạt động hòa giải ở cơ sở và một số văn bản dùng cho cán bộ xã, phường, thị trấn
Giới thiệu một số văn bản pháp luật về: công tác hoà giải ở cơ sở ; khiếu nại tố cáo và xét xử hành chính ; tiếp công dân và dân chủ ở cấp xã ; công tác an ninh, giáo dục, tài chính ngân sách xã, phường, thị trấn...
সংরক্ষণ করুন:
| বিন্যাস: | গ্রন্থ |
|---|---|
| ভাষা: | Undetermined |
| প্রকাশিত: |
Hà Nội
Chính Trị Quốc Gia
2001
|
| বিষয়গুলি: | |
| ট্যাগগুলো: |
ট্যাগ যুক্ত করুন
কোনো ট্যাগ নেই, প্রথমজন হিসাবে ট্যাগ করুন!
|
| Thư viện lưu trữ: | Trung tâm Học liệu Trường Đại học Cần Thơ |
|---|
| LEADER | 00999nam a2200193Ia 4500 | ||
|---|---|---|---|
| 001 | CTU_44273 | ||
| 008 | 210402s9999 xx 000 0 und d | ||
| 020 | |c 60000 | ||
| 082 | |a 352.3 | ||
| 082 | |b C101 | ||
| 245 | 0 | |a Các văn bản về tổ chức và hoạt động hòa giải ở cơ sở và một số văn bản dùng cho cán bộ xã, phường, thị trấn | |
| 260 | |a Hà Nội | ||
| 260 | |b Chính Trị Quốc Gia | ||
| 260 | |c 2001 | ||
| 520 | |a Giới thiệu một số văn bản pháp luật về: công tác hoà giải ở cơ sở ; khiếu nại tố cáo và xét xử hành chính ; tiếp công dân và dân chủ ở cấp xã ; công tác an ninh, giáo dục, tài chính ngân sách xã, phường, thị trấn | ||
| 650 | |a Public administration | ||
| 650 | |z Vietnam | ||
| 904 | |i Minh, Nguyên sửa | ||
| 980 | |a Trung tâm Học liệu Trường Đại học Cần Thơ | ||